000
00339nam a2200133Ia 4500
008
100328s9999 xx 000 0 und d
082
_b
19196
100
_a
पानवलकर श्री.दा.
245
_a
गजगा
260
_b
बा.ल.पाठक
630
_a
गजगा
730
_a
गजगा
942
_c
BOOK
999
_c
513533
_d
513530